000 00462 a2200121 4500
001 ART_15817
005 20260410161918.0
008 260409a
245 1 0 _aProceso de gestión de responsabilidad social empresaria contenido del borrador de la norma ISO 26000
100 1 _aGarcía Fronti, Inés M.
700 1 _aD´Onofrio, Paula Alejandra
773 0 _tDocumentos de trabajo de contabilidad social
_g- Año 3, Nº 2 (dic. 2010)
_wREV14388
999 _c27487
_d27487